[Event "Budapest FS03 GM"]
[Site "Budapest"]
[Date "1995.??.??"]
[Round "7"]
[White "Kjeldsen, Jens"]
[Black "Lukacs, Peter"]
[Result "1/2-1/2"]
[WhiteElo "2410"]
[BlackElo "2490"]

1.d4 Nf6 2.c4 e6 3.Nc3 Bb4 4.Qc2 O-O 5.a3 Bxc3+ 6.Qxc3 b6 7.Bg5 c5 8.dxc5 bxc5
9.e3 d6 10.Bd3 Nbd7 11.Ne2 Rb8 12.O-O h6 13.Bf4 Qb6 14.Rab1 a5 15.Rfd1 e5
16.Bg3 Bb7 17.Bc2 Ne4  1/2-1/2

[Event "HUN-ch"]
[Site "Budapest"]
[Date "1995.??.??"]
[Round "7"]
[White "Horvath, Csaba"]
[Black "Varga, Zoltan"]
[Result "1-0"]
[WhiteElo "2540"]
[BlackElo "2460"]

1.d4 Nf6 2.c4 e6 3.Nc3 Bb4 4.Qc2 O-O 5.Nf3 b6 6.e4 h6 7.Bd3 Bb7 8.O-O d5
9.cxd5 exd5 10.e5 Ne8 11.Ne2 Be7 12.Nf4 Bc8 13.Nxd5 Qxd5 14.Be4 Qd7 15.Bxa8 c6
16.e6 Qxe6 17.Bf4 Bd6 18.Rfe1 Qf6 19.Be5 Bxe5 20.dxe5 Qf5 21.Qxf5 Bxf5 22.Rac1 Bd7
23.Nd4 c5 24.Nf3 Nc7 25.Be4 Re8 26.h3 Kf8 27.a3 Ne6 28.Bf5 Bc6 29.Bxe6 Rxe6
30.Nd2 g5 31.Nc4 Bb5 32.Nd6 Bd3 33.b4 Na6 34.Re3 Bg6 35.bxc5 Nxc5 36.Nc8 Nd3
37.Rc3 Nxe5 38.Nxa7 f5 39.Rc1 f4 40.Ree1 Kf7 41.Nc8 Kf6 42.Rcd1 Nc4 43.Rxe6+ Kxe6
44.a4 Ke5 45.Re1+ Kd4 46.Nxb6  1-0

[Event "Budapest FS02 GM"]
[Site "Budapest"]
[Date "1995.??.??"]
[Round "8"]
[White "Dao Thien Hai"]
[Black "Czebe, Attila"]
[Result "1-0"]
[WhiteElo "2480"]
[BlackElo "2430"]

1.d4 Nf6 2.c4 e6 3.Nc3 Bb4 4.Qc2 O-O 5.a3 Bxc3+ 6.Qxc3 b6 7.Bg5 h6 8.Bh4 c5
9.dxc5 bxc5 10.e3 d6 11.Bd3 Bb7 12.Ne2 Nbd7 13.O-O Ne5 14.f3 Nd5 15.cxd5 Qxh4
16.dxe6 fxe6 17.Ng3 Bd5 18.e4 Bc6 19.Bc2 Rab8 20.Rad1 Qe7 21.f4 Ng4 22.h3 Nf6
23.Rf2 e5 24.Nf5 Qf7 25.Nxd6 Qh5 26.Qxc5  1-0

[Event "Budapest FS05 IM"]
[Site "Budapest"]
[Date "1995.??.??"]
[Round "9"]
[White "Hoang Than Trang"]
[Black "Brauer, Christian"]
[Result "1-0"]
[WhiteElo "2325"]
[BlackElo "2175"]

1.d4 Nf6 2.c4 e6 3.Nc3 Bb4 4.Qc2 O-O 5.a3 Bxc3+ 6.Qxc3 Ne4 7.Qc2 f5 8.Nf3 d6
9.g3 Nd7 10.Bg2 Qe7 11.O-O Ndf6 12.b4 b6 13.Bb2 Bb7 14.Rac1 c5 15.dxc5 bxc5
16.Nd2 Nxd2 17.Qxd2 Bxg2 18.Kxg2 Ne4 19.Qd3 cxb4 20.axb4 Rab8 21.Ba3 Rfd8
22.Rfd1 Qb7 23.f3 Ng5 24.Qe3 Qe7 25.c5 dxc5 26.Rxd8+ Rxd8 27.bxc5 e5 28.c6 Qf6
29.Qxa7 e4 30.f4 Nf7 31.Qb7 Qe6 32.c7 Rc8 33.Rb1 g5 34.Qxc8+  1-0

[Event "Budapest Hungaroil"]
[Site "Budapest"]
[Date "1995.??.??"]
[Round "10"]
[White "Petran, Pal"]
[Black "Csom, Istvan"]
[Result "1/2-1/2"]
[WhiteElo "2470"]
[BlackElo "2455"]

1.d4 Nf6 2.c4 e6 3.Nc3 Bb4 4.Qc2 O-O 5.a3 Bxc3+ 6.Qxc3 b6 7.Bg5 Bb7 8.f3 h6
9.Bh4 d5 10.e3 Nbd7 11.cxd5 Nxd5 12.Bxd8 Nxc3 13.Bxc7 Nd5 14.Bd6 Nxe3 15.Kf2 Nc2
16.Rd1 Rfc8 17.Bb5 Nf6 18.Ne2 a6 19.Bd3 Rc6 20.Be5 Nd5 21.Rc1 Rac8  1/2-1/2

[Event "Budapest FS09 GM"]
[Site "Budapest"]
[Date "1995.??.??"]
[Round "12"]
[White "Touzane, Olivier"]
[Black "Lukacs, Peter"]
[Result "1/2-1/2"]
[WhiteElo "2250"]
[BlackElo "2480"]

1.d4 Nf6 2.c4 e6 3.Nc3 Bb4 4.Qc2 O-O 5.a3 Bxc3+ 6.Qxc3 Ne4 7.Qc2 f5 8.Nf3 b6
9.g3 Bb7 10.Bg2 Nf6 11.O-O Be4 12.Qc3 Qe8 13.Bf4 d6 14.c5 bxc5 15.dxc5 e5
16.Bd2  1/2-1/2

[Event "Cannes op"]
[Site "Cannes"]
[Date "1995.??.??"]
[Round "1"]
[White "Collas, Didier"]
[Black "Dizdarevic, Emir"]
[Result "0-1"]
[WhiteElo "2335"]
[BlackElo "2465"]

1.d4 e6 2.c4 Nf6 3.Nc3 Bb4 4.Qc2 O-O 5.a3 Bxc3+ 6.Qxc3 d6 7.g3 Ne4 8.Qc2 f5
9.Bg2 Nc6 10.e3 e5 11.d5 Ne7 12.Ne2 Bd7 13.O-O c6 14.f3 Nf6 15.e4 fxe4 16.fxe4 cxd5
17.exd5 Qb6+ 18.c5 Qxc5+ 19.Qxc5 dxc5 20.Nc3 Nf5 21.b4 Rac8 22.bxc5 Rxc5
23.Ne4 Nxe4 24.Bxe4 Rc4 25.Bd3 Rc3 26.Bb1 Bb5 27.Bd2 Bxf1 28.Bxc3 Bc4 29.Bb4 Rf6
30.Bxf5 Rxf5 31.d6 Be6 32.a4 Rf3 33.a5 Kf7 34.Bc5 Rd3 35.Bxa7 Rxd6 36.Bb8 Rd5
37.Rb1 Bc8 38.Rc1 Bh3 39.Rc7+ Kf6 40.Rxb7 Rxa5 41.Rb2 Kf5 42.Kf2 g5 43.Bc7 Rc5
44.Bb6 Rc6 45.Ba5 Rc4 46.Re2 Bg4 47.Rb2 Ra4 48.Bb4 Ra1 49.Ke3 Bh3 50.Rf2+ Ke6
51.Rb2 Bf1 52.Kf3 Bc4 53.Kg4 Kf6 54.Bc3 Rf1 55.Kh5 Bf7+ 56.Kh6 Rf3 57.Ba5 g4
58.Rb4 Kf5 59.Kxh7 Rd3 60.Kh6 Rd6+ 61.Kg7 Rd7 62.Rb8 Bc4+ 63.Kh6 Rd6+ 64.Kg7 Rg6+
65.Kh7 Rd6 66.Rf8+ Ke4 67.Kg7 Kd3 68.Rf6 Rd5 69.Bb6 e4 70.Rg6 Rd7+ 71.Kh6 Bf7
72.Rf6 Bb3 73.Kg5 Bd1 74.Kf4 Bf3 75.Bc5 Ke2  0-1

[Event "Cannes Martinez op"]
[Site "Cannes"]
[Date "1995.??.??"]
[Round "3"]
[White "Varga, Peter"]
[Black "Cebalo, Miso"]
[Result "0-1"]
[WhiteElo "2415"]
[BlackElo "2515"]

1.d4 Nf6 2.c4 e6 3.Nc3 Bb4 4.Qc2 O-O 5.a3 Bxc3+ 6.Qxc3 Ne4 7.Qc2 f5 8.Nf3 b6
9.e3 Bb7 10.Be2 d6 11.O-O a5 12.b3 Rf6 13.Bb2 Rh6 14.g3 Nd7 15.d5 e5 16.Nd2 Ndc5
17.Nxe4 fxe4 18.b4 Qd7 19.f4 exf3 20.Bxf3 Na4 21.Bc1 Rf6 22.Bd2 axb4 23.axb4 Raf8
24.Be2 Rxf1+ 25.Rxf1 Rxf1+ 26.Bxf1 Bc8 27.Bd3 h6 28.Be1 Qe8 29.Bg6 Qd7 30.Bd3 Qe8
31.Bh7+ Kh8 32.Bg6 Qd7 33.Qf2 Qe7 34.Bb1 Bd7 35.h4 Kg8 36.Qc2 Kf8 37.Qf2+ Qf7
38.Qe2 b5 39.cxb5 Qxd5 40.Ba2 Qe4 41.Qf1+ Bf5 42.Qc4 Qxc4 43.Bxc4 Be4 44.g4 Nb6
45.Be2 g5 46.Kh2 Nd5 47.Kg3 Ke7 48.hxg5 hxg5 49.Bf3 Nf6 50.Be2 Kd7 51.Bc3 Kc8
52.Bf3 Bxf3 53.Kxf3 Kb7 54.e4 Kb6 55.Bd2 Nh7 56.Ke2 Kxb5 57.Kd3 c6 58.Bc3 Nf8
59.Bd2 Ne6 60.Kc3 c5 61.bxc5 Nxc5 62.Be3 Nxe4+ 63.Kd3 d5 64.Ba7 Nc5+ 65.Ke3 d4+
66.Ke2 Kc4 67.Bb8 e4 68.Be5 Kd5 69.Bf6 Ne6 70.Kd2 e3+  0-1

[Event "Cannes Martinez"]
[Site "Cannes"]
[Date "1995.??.??"]
[Round "5"]
[White "Collas, Didier"]
[Black "Palac, Mladen"]
[Result "0-1"]
[WhiteElo "2335"]
[BlackElo "2545"]

1.d4 Nf6 2.c4 e6 3.Nc3 Bb4 4.Qc2 O-O 5.a3 Bxc3+ 6.Qxc3 b6 7.e3 Bb7 8.Nf3 Ne4
9.Qc2 f5 10.Be2 Rf6 11.O-O Rh6 12.Bd3 d6 13.b4 Nd7 14.Bb2 Qe8 15.d5 Qh5 16.h3 Rg6
17.Kh2 c5 18.dxc6 Bxc6 19.Nd4 Bb7 20.f3 Ng5 21.Qf2 Ne5 22.Be2 Qh6 23.Rfd1 Rf8
24.Rf1 a6 25.Rac1 f4 26.e4 Nxh3 27.gxh3 Rg3 28.Qg2 Rxg2+ 29.Kxg2 Qg5+ 30.Kh1 Qg3  0-1

[Event "Cappelle op"]
[Site "Cappelle la Grande"]
[Date "1995.??.??"]
[Round "5"]
[White "Etchegaray, Patrice"]
[Black "Roeder, Mathias"]
[Result "0-1"]
[WhiteElo "2335"]
[BlackElo "2440"]

1.d4 Nf6 2.c4 e6 3.Nc3 Bb4 4.Qc2 O-O 5.a3 Bxc3+ 6.Qxc3 b6 7.Bg5 c5 8.dxc5 bxc5
9.e3 a5 10.Bd3 d6 11.Ne2 Nbd7 12.Rd1 h6 13.Bh4 Ra6 14.Qc1 Rb6 15.Bb1 Ba6
16.O-O Qa8 17.Rd2 Qb7 18.Rfd1 Rb8 19.Bxf6 gxf6 20.Rxd6 Rxd6 21.Rxd6 Qxb2
22.Bd3 Qxc1+ 23.Nxc1 Ne5 24.f4 Nxd3 25.Nxd3 Bxc4 26.Nxc5 Rb1+ 27.Kf2 Rb2+
28.Kf3 f5 29.e4 fxe4+ 30.Kxe4 Re2+ 31.Kf3 Ra2 32.a4 Bd5+ 33.Ke3 Rxg2 34.Ra6 Rxh2
35.Rxa5 h5 36.Nd7 Kg7 37.Ne5 f6 38.Nd3 h4 39.f5 Rh3+ 40.Kd2 Rxd3+ 41.Kxd3 h3
42.Ra7+ Kh6 43.fxe6 Bxe6 44.Re7 h2 45.Rxe6 h1=Q 46.Rxf6+ Kg5  0-1

[Event "Cappelle op"]
[Site "Cappelle la Grande"]
[Date "1995.??.??"]
[Round "6"]
[White "Kalesis, Nikolaos"]
[Black "Shipov, Sergei"]
[Result "0-1"]
[WhiteElo "2410"]
[BlackElo "2510"]

1.d4 Nf6 2.c4 e6 3.Nc3 Bb4 4.Qc2 O-O 5.a3 Bxc3+ 6.Qxc3 b6 7.Bg5 Bb7 8.f3 h6
9.Bh4 d5 10.cxd5 exd5 11.e3 Re8 12.Bf2 c5 13.Bb5 Bc6 14.Bd3 cxd4 15.Qxd4 Nbd7
16.Ne2 Nc5 17.Qc3 d4 18.Nxd4 Nd5 19.Qd2 Nxd3+ 20.Qxd3 Nf4 21.Qc3 Rc8 22.Nxc6 Qd7
23.Rc1 Nd3+ 24.Ke2 Nf4+ 25.Ke1 Nxg2+ 26.Kf1 Qh3 27.Kg1 Kh8 28.Qd2 Qxf3 29.Nd4 Qh3
30.Rxc8 Rxc8 31.Bg3 Nh4 32.Bxh4 Qxh4 33.Kf1 Qh3+ 34.Ke1 Qh4+ 35.Ke2 Qg4+
36.Kd3 Qg6+ 37.e4 Rd8 38.Qf2 Qc6 39.Rd1 Qc5 40.Rd2 Kg8 41.Ke2 Re8 42.Qe3 g6
43.Kd1 h5 44.Rc2 Qe5 45.Nc6 Qe6 46.Kc1 Qa2 47.Nb4 Qa1+ 48.Kd2 Qh1 49.Kd3 Qd1+
50.Rd2 Qb1+ 51.Kd4 f5 52.e5 Qc1 53.Nc2 Qxb2+ 54.Kd5 Qa2+ 55.Kc6 Qc4+ 56.Kd7 Kf7  0-1

[Event "Copenhagen op17"]
[Site "Copenhagen"]
[Date "1995.??.??"]
[Round "3"]
[White "Andersen, Ole Bo"]
[Black "Ostergaard, Rasmus"]
[Result "1-0"]
[WhiteElo "2085"]
[BlackElo "2180"]

1.d4 Nf6 2.c4 e6 3.Nc3 Bb4 4.Qc2 O-O 5.a3 Bxc3+ 6.Qxc3 b6 7.Bg5 c5 8.dxc5 bxc5
9.e3 Bb7 10.Nf3 a5 11.b3 d6 12.Rd1 Ra6 13.Bd3 Nbd7 14.Bc2 Qa8 15.Ke2 Rc8
16.h4 h6 17.Bxf6 Nxf6 18.a4 Kf8 19.Rh3 d5 20.Ne5 Rd6 21.g4 Qb8 22.g5 d4 23.exd4 Rxd4
24.Qe3 Ng4 25.Qxd4 Nxe5 26.Qd6+ Qxd6 27.Rxd6 hxg5 28.hxg5 Ke7 29.Rb6 Rc7
30.Rh8 Nc6 31.Be4 Nd4+ 32.Kd3 Bc8 33.Rb8 Bd7 34.Kc3 f5 35.gxf6+ gxf6 36.Rb7 Rxb7
37.Bxb7 Kd6 38.Ra8 Kc7 39.Ba6 Bc6 40.Rf8 f5 41.Bb5 Be4 42.Rf7+ Kb6 43.Re7 Bc2
44.Rd7 Bd1 45.Rxd4 cxd4+ 46.Kxd4 Bxb3 47.f4 Ba2 48.Ke5 Kc5 49.Kxe6 Bxc4+
50.Bxc4 Kxc4 51.Kxf5 Kb4 52.Ke4 Kxa4 53.f5 Kb3 54.f6 a4 55.f7 a3 56.f8=Q Kb2
57.Qb4+  1-0

[Event "Copenhagen op17"]
[Site "Copenhagen"]
[Date "1995.??.??"]
[Round "4"]
[White "Ziegler, Ari"]
[Black "Hellsten, Johan"]
[Result "0-1"]
[WhiteElo "2305"]
[BlackElo "2420"]

1.d4 Nf6 2.c4 e6 3.Nc3 Bb4 4.Qc2 O-O 5.a3 Bxc3+ 6.Qxc3 b6 7.Bg5 Ba6 8.e3 d6
9.Nf3 Nbd7 10.Bd3 c5 11.O-O cxd4 12.exd4 Rc8 13.b3 b5 14.Qb4 bxc4 15.Bxc4 Rc6
16.Rfd1 Bxc4 17.bxc4 Qc7 18.Nd2 Rb8 19.Qc3 h6 20.Bh4 Rc8 21.Re1 a6 22.Qe3 Qa5
23.h3 Qh5 24.Bxf6 Nxf6 25.Rab1 Nd7 26.Rb7 Nf8 27.Reb1 Ng6 28.Ra7 d5 29.Rbb7 Rf8
30.c5 e5 31.Rb6 exd4 32.Qxd4 Rfc8 33.Nb3 Qf5 34.Raxa6 Nf4 35.Qd1 Qe4 36.f3 Qe3+
37.Kh2 Rxc5 38.Nxc5 Rxc5 39.Ra8+ Kh7 40.Qb1+ Nd3 41.Ra4 d4 42.Qa2 Qf4+ 43.g3 Qc1  0-1

[Event "DEN-ch qual"]
[Site "Copenhagen"]
[Date "1995.??.??"]
[Round "7"]
[White "Olsen, Peter Erik"]
[Black "Nilsson, Nils Specht"]
[Result "1-0"]
[WhiteElo "2245"]
[BlackElo "2255"]

1.d4 Nf6 2.c4 e6 3.Nc3 Bb4 4.Qc2 O-O 5.a3 Bxc3+ 6.Qxc3 b6 7.Bg5 Bb7 8.Nh3 d6
9.f3 Nbd7 10.e4 e5 11.d5 h6 12.Be3 a5 13.Bd3 Nc5 14.b3 Nxd3+ 15.Qxd3 Bc8
16.Nf2 Nh5 17.Qd2 Qf6 18.Nd3 Nf4 19.Nxf4 exf4 20.Bd4 Qh4+ 21.Bf2 Qg5 22.O-O f5
23.e5 dxe5 24.d6 Bb7 25.dxc7 Bxf3 26.Bxb6 e4 27.Qf2 Rf6 28.Ra2 Bxg2 29.Qxg2 Rxb6
30.Qxg5 hxg5 31.Rd2 Re6 32.Rd8+ Re8 33.Rxa8 Rxa8 34.Rd1  1-0

[Event "CUB-ch"]
[Site "CUB"]
[Date "1995.??.??"]
[Round "9"]
[White "Rivera, Alberto"]
[Black "Alvarez, Jose"]
[Result "0-1"]
[WhiteElo "2370"]
[BlackElo "2345"]

1.d4 Nf6 2.c4 e6 3.Nc3 Bb4 4.Qc2 O-O 5.a3 Bxc3+ 6.Qxc3 b6 7.Bg5 c5 8.Nf3 Bb7
9.e3 d6 10.dxc5 bxc5 11.Rd1 a5 12.Bd3 h6 13.Bh4 Ra6 14.O-O Nbd7 15.Nd2 Ba8
16.Qc1 Qb6 17.Bg3 Qb7 18.f3 Rb6 19.Nb1 d5 20.Rf2 d4 21.Re2 Re8 22.Bc2 e5
23.exd4 cxd4 24.Rde1 Kf8 25.Bf5 Qc7 26.Nd2 a4 27.Qc2 Bc6 28.c5 Rb5 29.Bxd7 Nxd7
30.Qh7 f6 31.Ne4 Bxe4 32.Rxe4 Nxc5 33.Rxd4 Ne6 34.Rxa4 Rxb2 35.Bf2 Qc2 36.Qxc2 Rxc2
37.Ra6 Nf4 38.Rd1 Rb8 39.Ra7 Kg8 40.Be3 Rxg2+  0-1

[Event "CZE-chT 9495"]
[Site "?"]
[Date "1995.??.??"]
[Round "8"]
[White "Stohl, Igor"]
[Black "Pachman, Ludek"]
[Result "1-0"]
[WhiteElo "2530"]
[BlackElo "2320"]

1.d4 Nf6 2.c4 e6 3.Nc3 Bb4 4.Qc2 O-O 5.a3 Bxc3+ 6.Qxc3 d6 7.f3 Qe7 8.e4 e5
9.Be3 exd4 10.Bxd4 Nc6 11.Bxf6 Qxf6 12.Qxf6 gxf6 13.g4 Be6 14.Kf2 a6 15.Nh3 b5
16.cxb5 axb5 17.Rc1 Nd4 18.Rxc7 Rfc8 19.Rxc8+ Rxc8 20.Bd3 h5 21.Nf4 hxg4
22.fxg4 Kf8 23.Rg1 b4 24.Ke3 Nc2+ 25.Kd2 Nd4 26.Ke3 Nc2+ 27.Bxc2 Rxc2 28.Rg2 Rxg2
29.Nxg2 bxa3 30.bxa3 Bxg4 31.Kd4 Bd7 32.Ne3  1-0

[Event "CZE-chT1c 9495"]
[Site "?"]
[Date "1995.??.??"]
[Round "10"]
[White "Bazant, Petr Sr"]
[Black "Polak, Tomas"]
[Result "0-1"]
[WhiteElo "2285"]
[BlackElo "2420"]

1.d4 Nf6 2.c4 e6 3.Nc3 Bb4 4.Qc2 O-O 5.Nf3 b6 6.Bg5 Bb7 7.e3 d6 8.Bd3 h6
9.Bh4 Nbd7 10.a3 Bxc3+ 11.Qxc3 Qe7 12.O-O c5 13.Rac1 Rac8 14.Bb1 cxd4 15.exd4 b5
16.b3 bxc4 17.bxc4 Ba6 18.Qb4 Nb6 19.Nd2 Rc6 20.Rc3 Rfc8 21.Rfc1 Bxc4 22.Rxc4 Nxc4
23.Rxc4 Rxc4 24.Nxc4 Nd5 25.Bxe7 Nxb4 26.axb4 Rxc4 27.Bd3 Rxb4 28.Kf1 Rxd4
29.Ke2 f6 30.Ke3 e5 31.Bg6 a5 32.Bd8 a4 33.Bb6 a3 34.Bb1 Rb4 35.Ba2+ Kf8  0-1

[Event "Debrecen-ch"]
[Site "Debrecen"]
[Date "1995.??.??"]
[Round "1"]
[White "Menyhart, Tibor"]
[Black "Tengely, Szabolcs"]
[Result "1/2-1/2"]
[WhiteElo "2225"]
[BlackElo "2165"]

1.d4 Nf6 2.c4 e6 3.Nc3 Bb4 4.Qc2 O-O 5.e4 c5 6.a3 Bxc3+ 7.bxc3 d6 8.f4 e5
9.fxe5 dxe5 10.d5 b6 11.Bg5 Nbd7 12.Nf3 h6 13.Bh4 Qc7 14.Bd3 g5 15.Bg3 Nh5
16.Bf2 Nf4 17.g3 Ng6 18.O-O Nf6  1/2-1/2

[Event "Debrecen op"]
[Site "Debrecen"]
[Date "1995.??.??"]
[Round "7"]
[White "Menyhart, Tibor"]
[Black "Egri, Laszlo"]
[Result "1-0"]
[WhiteElo "2215"]
[BlackElo "2170"]

1.d4 Nf6 2.c4 e6 3.Nc3 Bb4 4.Qc2 O-O 5.e4 c5 6.a3 Qa5 7.axb4 Qxa1 8.bxc5 Nc6
9.Nf3 b6 10.e5 Ne8 11.Be2 bxc5 12.dxc5 f6 13.exf6 Nxf6 14.O-O Rb8 15.Nb5 Qa5
16.Bd2 Qa2 17.Bc3 a6 18.Nd6 Nb4 19.Qd2 a5 20.Nd4 Ba6 21.Rc1 Ne8 22.N4b5 Bxb5
23.Nxb5 Nf6 24.f3 Qb3 25.Nd4 Qa2 26.Qd1 Rfc8 27.Ra1 Qxa1 28.Qxa1 Rxc5 29.Nb3 Rc7
30.Qxa5 Rcb7 31.Qg5 Rf8 32.Nc5 Rbb8 33.Nxd7  1-0

[Event "RUS-ch (Women)"]
[Site "Elista"]
[Date "1995.??.??"]
[Round "4"]
[White "Manakova, Maria"]
[Black "Ovchinikova, Julia"]
[Result "1-0"]
[WhiteElo "2380"]
[BlackElo "2195"]

1.d4 Nf6 2.c4 e6 3.Nc3 Bb4 4.Qc2 O-O 5.e3 b6 6.Bd3 Bb7 7.Ne2 d5 8.cxd5 exd5
9.O-O Re8 10.Bd2 c6 11.f3 c5 12.a3 Ba5 13.Rab1 Nc6 14.Bb5 Qe7 15.Rfe1 Rac8
16.Nf4 Qd6 17.Qd3 c4 18.Qf5 a6 19.Ba4 b5 20.Bc2 Ne7 21.Qh3 Bc7 22.g4 Ng6
23.g5 Nd7 24.Nh5 Rcd8 25.f4 Bc8 26.Qf3 Nb6 27.Ng3 f6 28.h4 Rf8 29.Re2 fxg5
30.hxg5 Qd7 31.Rh2 Qg4 32.Qf2 Rde8 33.Bd1 Qd7 34.Rh1 Rf5 35.Nxf5 Qxf5 36.Rc1 Nf8
37.Bc2 Qg4+ 38.Qg2 g6 39.Qxg4 Bxg4 40.Kf2 Bd7 41.Na2 Bc6 42.Rh6 Bb7 43.Rch1 Nbd7
44.a4 Re7 45.axb5 axb5 46.Bb4 Rf7 47.Nc3 Bd8 48.Ke1 Be7 49.Na2 Nb8 50.Bxe7 Rxe7
51.Kd2 Na6 52.f5 gxf5 53.Bxf5 Rf7 54.Rf1 b4 55.Bxh7+ Kg7 56.Rxf7+ Kxf7 57.Rb6 Bc8
58.Bb1 Nd7 59.Rc6 Bb7 60.Rd6 Ke7 61.Rh6 b3 62.Nc3 Nb4 63.Rh7+ Ke6 64.g6 Bc6  1-0

[Event "RUS-ch"]
[Site "Elista"]
[Date "1995.??.??"]
[Round "9"]
[White "Mitenkov, Alexey"]
[Black "Razuvaev, Yuri S"]
[Result "1/2-1/2"]
[WhiteElo "2430"]
[BlackElo "2585"]

1.d4 Nf6 2.c4 e6 3.Nc3 Bb4 4.Qc2 O-O 5.a3 Bxc3+ 6.Qxc3 b6 7.b4 Ne4 8.Qc2 f5
9.e3 Bb7 10.Bb2 d6 11.Nh3 Qe7 12.f3 Qh4+ 13.Nf2 Nxf2 14.Qxf2 Qe7 15.Bd3 Nd7
16.O-O e5 17.Qc2 e4 18.fxe4 Bxe4 19.Bxe4 fxe4 20.d5 Qh4 21.Qe2 Qg5 22.Bd4 Ne5
23.Kh1 Nd3 24.Kg1 Ne5 25.Kh1  1/2-1/2

[Event "Frydek-Mistek op"]
[Site "Frydek-Mistek"]
[Date "1995.??.??"]
[Round "?"]
[White "Pastor, Karel"]
[Black "Szypulski, Andrzej"]
[Result "1/2-1/2"]
[WhiteElo "2260"]
[BlackElo "2395"]

1.d4 Nf6 2.c4 e6 3.Nc3 Bb4 4.Qc2 O-O 5.Nf3 d6 6.Bd2 Nbd7 7.a3 Bxc3 8.Bxc3 Qe7
9.e4 e5 10.dxe5 dxe5 11.Bd3 c5 12.b4 Re8 13.Qb2 Nh5 14.g3 Nb6 15.Qc2 f6 16.Be2 g6
17.Nd2 Ng7 18.bxc5 Nd7 19.Nb3 Nxc5 20.Nxc5 Qxc5 21.O-O Be6 22.Bd2 Bf7 23.Be3 Qc7
24.c5 Ne6 25.Bc4 Rac8 26.Bxe6 Bxe6  1/2-1/2

[Event "Frydek-Mistek op"]
[Site "Frydek-Mistek"]
[Date "1995.??.??"]
[Round "?"]
[White "Michenka, Jozef"]
[Black "Szypulski, Andrzej"]
[Result "0-1"]
[WhiteElo "2360"]
[BlackElo "2395"]

1.d4 Nf6 2.c4 e6 3.Nc3 Bb4 4.Qc2 O-O 5.Nf3 d6 6.a3 Bxc3+ 7.Qxc3 b6 8.g3 Bb7
9.Bg2 a5 10.b3 Nbd7 11.O-O Ra7 12.Bb2 Ne4 13.Qc2 f5 14.Ne1 Qe8 15.Nd3 c5
16.f3 Nef6 17.e3 e5 18.dxe5 dxe5 19.Qc3 e4 20.fxe4 Bxe4 21.Bxe4 Qxe4 22.Rae1 Rf7
23.Nf2 Qe6 24.Qd3 Ne4 25.Nxe4 fxe4 26.Qd1 Nf8 27.Qd8 Rad7 28.Qb8 Qh3 29.Rxf7 Rxf7
30.Qe5 Qg4 31.Bc3 Qf3 32.b4 axb4 33.axb4 cxb4 34.Bxb4 h5 35.Bc3 Ng6 36.Qb8+ Kh7
37.Qxb6 Nh4 38.gxh4 Qg4+ 39.Kh1 Rf2 40.Rg1 Qf3+  0-1

[Event "Arnold Cup"]
[Site "Gausdal"]
[Date "1995.??.??"]
[Round "7"]
[White "Gausel, Einar"]
[Black "Bern, Ivar"]
[Result "1-0"]
[WhiteElo "2490"]
[BlackElo "2360"]

1.d4 Nf6 2.c4 e6 3.Nc3 Bb4 4.Qc2 O-O 5.Nf3 b6 6.e4 c5 7.e5 cxd4 8.Nxd4 Ne8
9.Bd3 f5 10.exf6 Nxf6 11.Bg5 h6 12.Bh4 Bb7 13.O-O-O Nc6 14.Bh7+ Kh8 15.Nxe6 dxe6
16.Rxd8 Raxd8 17.Bxf6 Rxf6 18.Be4 Nd4 19.Rd1 Nxc2 20.Rxd8+ Rf8 21.Rxf8+ Bxf8
22.Kxc2 Ba6 23.Kd3 g5 24.a3 Kg7 25.b4 Kf6 26.Ne2 Bc8 27.f3 a5 28.Kc3 axb4+
29.axb4 Ke5 30.Nc1 Kf4 31.c5 bxc5 32.b5 Ke3 33.g4 h5 34.h3 h4 35.Nd3 Bd6
36.Kc4 Ke2 37.Nxc5 Kf2 38.b6 Kg3 39.Bc6 Kxh3 40.Ne4 Bb8 41.Nxg5+ Kg3 42.b7 Bxb7
43.Bxb7 h3 44.Ne4+ Kxf3 45.g5 Be5 46.g6 Kg4 47.Nf2+ Kg3 48.Nh1+ Kf4 49.Kd3 h2
50.Nf2 Bh8 51.Be4 Ba1 52.Ke2 Kg5 53.Kf3 Bd4 54.Kg2 Be5 55.Nd3 Bd4 56.Kxh2 Kf6
57.Kg3 Ba1 58.Kg4 Bc3 59.Kh5 Kg7 60.Nf4 Kf6 61.Bd5 e5 62.Kh6  1-0

[Event "Graz op"]
[Site "Graz"]
[Date "1995.??.??"]
[Round "7"]
[White "Skomorokhin, Roman"]
[Black "Zelcic, Robert"]
[Result "1-0"]
[WhiteElo "2460"]
[BlackElo "2500"]

1.d4 Nf6 2.c4 e6 3.Nc3 Bb4 4.Qc2 O-O 5.a3 Bxc3+ 6.Qxc3 b6 7.Bg5 Bb7 8.e3 d6
9.f3 Nbd7 10.Bd3 e5 11.Ne2 Re8 12.Bc2 h6 13.Bh4 exd4 14.Nxd4 Qe7 15.Bf2 d5
16.Nf5 Qc5 17.cxd5 Qxc3+ 18.bxc3 Bxd5 19.O-O-O b5 20.e4 Be6 21.Nd4 Rab8 22.Nc6 Ra8
23.Rd2 a5 24.Rhd1 Nb6 25.Bxb6 cxb6 26.e5 Nh5 27.Rd6 Rac8 28.g3 g6 29.Kb2 Ng7
30.f4 Bc4 31.Nd4 Rb8 32.Bd3 Ne6 33.Nxb5 Bxd3 34.R1xd3 g5 35.Rf3 Rec8 36.f5 g4
37.Re3 Ng7 38.Nd4 Rd8 39.Re4 Rxd6 40.exd6 Rd8 41.f6 Ne8 42.Nc6 Nxf6 43.Nxd8 Nxe4
44.Nb7 Nf6 45.Kb3 Nd7 46.Kc4 f5 47.Kd5 f4 48.gxf4 Kf7 49.Nd8+ Kf6 50.Nc6 h5
51.Ne5 Nf8 52.d7 Ne6 53.Kd6 Nd8 54.Kc7 Ne6+ 55.Kd6 Nd8 56.Nc6 Nf7+ 57.Kc7 h4
58.Ne5  1-0

[Event "Wch U16"]
[Site "Guarapuava"]
[Date "1995.??.??"]
[Round "2"]
[White "Leitao, Rafael"]
[Black "Berescu, Alin"]
[Result "1-0"]
[WhiteElo "2360"]
[BlackElo "2260"]

1.d4 Nf6 2.c4 e6 3.Nc3 Bb4 4.Qc2 O-O 5.a3 Bxc3+ 6.Qxc3 Ne4 7.Qc2 f5 8.g3 b6
9.Bg2 Bb7 10.Nf3 d6 11.O-O Nd7 12.Ng5 Nxg5 13.Bxb7 Rb8 14.Bc6 h6 15.f4 Nf7
16.e4 fxe4 17.Qxe4 Qe7 18.Bd2 Nf6 19.Qe2 Nd8 20.Ba4 Qf7 21.Rae1 c6 22.Bc3 Rb7
23.Kh1 d5 24.Bc2 Re8 25.g4 dxc4 26.g5 Nd5 27.gxh6 Qf6 28.h7+ Kh8 29.Qxc4 Qh4
30.f5 Qxh7 31.Qe2 Qh4 32.fxe6 Rbe7 33.Qf3 Nf6 34.Bg6 Rf8 35.Re5 Kg8 36.Rh5  1-0

[Event "Wichern op"]
[Site "Hamburg"]
[Date "1995.??.??"]
[Round "4"]
[White "Michaelsen, Nils"]
[Black "Reeh, Oliver"]
[Result "1/2-1/2"]
[WhiteElo "2425"]
[BlackElo "2445"]

1.d4 Nf6 2.c4 e6 3.Nc3 Bb4 4.Qc2 O-O 5.Bg5 c5 6.e3 h6 7.Bh4 cxd4 8.exd4 b6
9.Nf3 Bb7 10.Be2 Be7 11.O-O Nc6 12.Qd2 d5 13.Bxf6 Bxf6 14.cxd5 exd5 15.Rfe1 Re8
16.Bb5 Qd6 17.h3 a6 18.Bxc6 Bxc6 19.a3 a5 20.Rxe8+ Rxe8 21.Re1 Rxe1+ 22.Qxe1 Qe6
23.Qf1 Bd8 24.Ne5 Bb7 25.Qd3 f6 26.Nf3 Bc7 27.Qc2 Bc6 28.Qd3 Bb7 29.Qc2 Bc6  1/2-1/2

[Event "Harkany op "]
[Site "Harkany"]
[Date "1995.??.??"]
[Round "?"]
[White "Kahn, Evarth"]
[Black "Sulc, Damir"]
[Result "1-0"]
[WhiteElo "2350"]
[BlackElo "2255"]

1.d4 Nf6 2.c4 e6 3.Nc3 Bb4 4.Qc2 O-O 5.Bg5 h6 6.Bh4 d6 7.Nf3 Qe7 8.a3 Bxc3+
9.Qxc3 Nbd7 10.e3 b6 11.Bd3 Bb7 12.Nd2 c5 13.f3 Rac8 14.O-O Rfd8 15.b4 d5
16.cxd5 cxd4 17.Qxd4 Bxd5 18.Rac1 Bb7 19.Rxc8 Rxc8 20.Nc4 Bd5 21.Ne5 Nxe5
22.Qxe5 Bc4 23.Rc1 b5 24.Bxf6 gxf6 25.Qg3+ Kf8 26.Qh4 Kg7 27.Bxc4 Qc7 28.Qg3+ Qxg3
29.hxg3 bxc4 30.Kf2 Rd8 31.Rxc4 Rd2+ 32.Kg1 Rd3 33.a4 Rxe3 34.Rc7 a6 35.a5 Rb3
36.Rb7 e5 37.g4 Kg6 38.Kf2 f5 39.gxf5+ Kg5 40.Rxf7 Rxb4 41.Ra7 e4 42.Rxa6 exf3
43.gxf3 Ra4 44.Rg6+ Kh5 45.a6 Ra5 46.Rb6 Kg5 47.f6 Kg6 48.f7+ Kxf7 49.Rxh6  1-0

[Event "Heraklio op"]
[Site "Heraklio"]
[Date "1995.??.??"]
[Round "5"]
[White "Kalesis, Nikolaos"]
[Black "Steiner, Bruno"]
[Result "1/2-1/2"]
[WhiteElo "2410"]
[BlackElo "2200"]

1.d4 Nf6 2.c4 e6 3.Nc3 Bb4 4.Qc2 O-O 5.a3 Bxc3+ 6.Qxc3 b6 7.Bg5 Bb7 8.f3 h6
9.Bh4 d5 10.cxd5 exd5 11.e3 Re8 12.Nh3 c5 13.Bb5 Bc6 14.Be2 Ne4 15.Bxd8 Nxc3
16.bxc3 Rxd8 17.Kf2 Nd7 18.a4 a6 19.Nf4 c4 20.Bd1 b5 21.Bc2 Re8 22.Rhe1 Nb6
23.axb5 axb5 24.Ke2 Nd7 25.Kd2 Nf6 26.h4 g6 27.g4 Kf8 28.Ne2 Ke7 29.Ng3 Kd6
30.Rh1 Rxa1 31.Rxa1 Ra8 32.Rxa8 Bxa8 33.h5 gxh5 34.gxh5 Bb7 35.e4 dxe4 36.fxe4 Kc7
37.e5 Nd5 38.Nf5 b4 39.cxb4 c3+ 40.Kc1 Nxb4 41.Nxh6 Bf3 42.Nxf7 Bxh5 43.Ng5 Nc6
44.Ne6+ Kd7 45.Nf4 Nxd4  1/2-1/2

[Event "Hlohovec op"]
[Site "Hlohovec"]
[Date "1995.??.??"]
[Round "?"]
[White "Shemeakin, Alexander"]
[Black "Polak, Tomas"]
[Result "1/2-1/2"]
[WhiteElo "2240"]
[BlackElo "2420"]

1.d4 Nf6 2.c4 e6 3.Nc3 Bb4 4.Qc2 O-O 5.a3 Bxc3+ 6.Qxc3 b6 7.Bg5 Bb7 8.e3 d6
9.f3 Nbd7 10.Bd3 c5 11.dxc5 Nxc5 12.Bc2 Rc8 13.Bxf6 Qxf6 14.Qxf6 gxf6 15.Rd1 Nd7
16.Rxd6 Ne5 17.b3 b5 18.Ne2 bxc4 19.Kf2 cxb3 20.Bxb3 Rfd8 21.Rhd1 Rxd6 22.Rxd6 Rb8
23.Nc1 Rc8 24.Ne2 Rb8 25.Nc1 Kf8 26.Rd4 Ba6 27.Ra4 Rb6 28.Kg3 Ke7 29.f4 Nd7
30.Ra5 Kd6 31.Bc2 Nc5 32.Nb3 Bd3 33.Nd4 Bxc2 34.Nxc2 Rb2 35.Nb4 Ne4+ 36.Kh3 Nf2+
37.Kh4 Ne4 38.Rxa7 Rxg2 39.Kh3 Rg7 40.Nd3 Kd5 41.a4 Nd6 42.Rd7 Kc6 43.Rd8 Rg1
44.Rh8 Ra1 45.Nf2 Rxa4 46.Rxh7 Ra3 47.Ng4 f5 48.Ne5+ Kd5 49.Nxf7 Rxe3+ 50.Kg2 Nxf7
51.Rxf7 Ke4 52.h4 Kxf4 53.Rg7 Re2+ 54.Kh3 Re1 55.Kg2 Re2+ 56.Kh3 e5 57.h5 Re3+
58.Kg2 Ra3 59.h6 Ra6 60.h7 Rh6 61.Kf2 e4 62.Kg2 Ke5 63.Rf7 Rh5 64.Kg3  1/2-1/2

[Event "HUN-chT1"]
[Site "HUN"]
[Date "1995.??.??"]
[Round "?"]
[White "Varga, Peter"]
[Black "Besztercsenyi, Tibor"]
[Result "1/2-1/2"]
[WhiteElo "2440"]
[BlackElo "2275"]

1.d4 Nf6 2.c4 e6 3.Nc3 Bb4 4.Qc2 O-O 5.a3 Bxc3+ 6.Qxc3 d6 7.f3 Qe7 8.Bg5 e5
9.d5 Re8 10.Qc2 e4 11.O-O-O Nbd7 12.g3 h6 13.Bd2 a5 14.Kb1 c6 15.Bc3 cxd5
16.cxd5 Nb6 17.Qb3 Nbd7 18.Bh3 Nc5 19.Qb5 Bxh3 20.Nxh3 Qd7 21.Qxd7 Nfxd7
22.Nf2 b5 23.Rd4 Nf6 24.f4 Nb3 25.Rdd1 e3 26.Nh3 Ne4 27.Kc2 a4 28.Rd3 Nec5
29.Rdd1 Rac8 30.Rhe1 Ne4 31.Rd3 Nf2 32.Nxf2 exf2 33.Rf1 Rxe2+ 34.Kd1 Rce8
35.Rf3 R8e3 36.Rxe3 Rxe3 37.Kc2  1/2-1/2